[Event "January TNT"]
[Site "Winnipeg CAN"]
[Date "2000.01.18"]
[Round "3"]
[White "Greenberg, Harley"]
[Black "Gibson, Kris"]
[Result "0-1"]
[WhiteElo "1736"]
[BlackElo "1796"]
[PlyCount "127"]
[GameId "2160767911741567"]
[EventDate "2000.01.04"]
[EventType "swiss"]
[EventRounds "4"]
[EventCountry "CAN"]

1. d4 d5 2. c4 e6 3. Nc3 c6 4. e4 dxe4 5. Nxe4 Bb4+ 6. Nc3 Ne7 7. Nf3 c5 8. Be2 Bxc3+ 9. bxc3 O-O 10. O-O Qc7 11. Qc2 b6 12. Ng5 Ng6 13. h4 h6 14. h5 hxg5 15. hxg6 Bb7 16. gxf7+ Qxf7 17. Bxg5 Nc6 18. Qd2 cxd4 19. cxd4 e5 20. d5 Nd4 21. Bg4 Bc8 22. Bxc8 Raxc8 23. Rae1 Qh5 24. f3 Rf7 25. Be3 Nf5 26. Qf2 Nh4 27. Qg3 Rcf8 28. f4 e4 29. Qg5 Qh7 30. Bf2 Rf5 31. Qg4 Ng6 32. Bg3 Rh5 33. Qe2 Kh8 34. Qxe4 Qh6 35. f5 Rh1+ 36. Kf2 Qd2+ 37. Kf3 Rh5 38. Rh1 Qh6 39. Rxh5 Qxh5+ 40. Ke3 Rxf5 41. Rh1 Qxh1 42. Qxf5 Qg1+ 43. Bf2 Qc1+ 44. Kf3 Qc3+ 45. Kg4 Qxc4+ 46. Kg3 Qc3+ 47. Qf3 Qxf3+ 48. Kxf3 Kg8 49. a4 Kf7 50. Ke4 Nf8 51. Ke5 Ke7 52. d6+ Kd7 53. Kd5 Ne6 54. Be3 g5 55. g3 g4 56. Bf2 Nd8 57. Be3 Nb7 58. Bd4 Nxd6 59. a5 Nc8 60. axb6 Nxb6+ 61. Ke5 Kc6 62. Kf5 Kd5 63. Kxg4 Kxd4 64. Kf4 0-1

[Event "January TNT"]
[Site "Winnipeg CAN"]
[Date "2000.01.18"]
[Round "3"]
[White "Repa, Jason"]
[Black "Moffat, Ron"]
[Result "1-0"]
[WhiteElo "1911"]
[BlackElo "1747"]
[PlyCount "81"]
[GameId "2160767911741568"]
[EventDate "2000.01.04"]
[EventType "swiss"]
[EventRounds "4"]
[EventCountry "CAN"]

1. f4 Nf6 2. b3 b6 3. Bb2 g6 4. Nf3 Bg7 5. g4 Bb7 6. g5 Nh5 7. Bxg7 Nxg7 8. Nc3 h6 9. Bg2 hxg5 10. fxg5 e6 11. e3 d6 12. Qe2 Nd7 13. O-O-O Ne5 14. Nxe5 Bxg2 15. Qxg2 dxe5 16. Qc6+ Ke7 17. Rdf1 Qd6 18. Qf3 Raf8 19. Qf6+ Ke8 20. Qxg7 Rh4 21. Rf2 a5 22. Rhf1 Qe7 23. Qxe5 Rh5 24. Ne4 f5 25. Nf6+ Rxf6 26. gxf6 Qa3+ 27. Kb1 Qd6 28. d4 Qc6 29. d5 Qxd5 30. Qxc7 Qc5 31. Qg7 Qf8 32. Qxg6+ Qf7 33. Qxf7+ Kxf7 34. e4 Kxf6 35. exf5 exf5 36. Rxf5+ Rxf5 37. Rxf5+ Kxf5 38. a3 Kg4 39. c4 Kh3 40. b4 axb4 41. axb4 1-0

[Event "January TNT"]
[Site "Winnipeg CAN"]
[Date "2000.01.18"]
[Round "3"]
[White "Schulz, Waldemar"]
[Black "Czypinski, Jaroslaw"]
[Result "1/2-1/2"]
[WhiteElo "2053"]
[BlackElo "1938"]
[PlyCount "54"]
[GameId "2160767911741569"]
[EventDate "2000.01.04"]
[EventType "swiss"]
[EventRounds "4"]
[EventCountry "CAN"]

1. d4 e6 2. c4 d5 3. g3 c6 4. Bg2 f5 5. Nf3 Bd6 6. O-O Nf6 7. Nbd2 O-O 8. b3 Nbd7 9. Bb2 b6 10. Rc1 Bb7 11. Ne5 Rc8 12. Ndf3 Qe7 13. Rc2 Ne4 14. Nxd7 Qxd7 15. Ne5 Qe7 16. Qd3 Rfd8 17. cxd5 cxd5 18. Rfc1 Qe8 19. Qd1 Rxc2 20. Rxc2 Rc8 21. f3 Nf6 22. Qc1 Rxc2 23. Qxc2 Qc8 24. Qxc8+ Bxc8 25. e3 Bb7 26. Nd3 Kf8 27. Kf2 Ke8 1/2-1/2

[Event "January TNT"]
[Site "Winnipeg CAN"]
[Date "2000.01.25"]
[Round "4"]
[White "Czypinski, Jaroslaw"]
[Black "Repa, Jason"]
[Result "1-0"]
[WhiteElo "1938"]
[BlackElo "1911"]
[PlyCount "156"]
[GameId "2160767911741570"]
[EventDate "2000.01.04"]
[EventType "swiss"]
[EventRounds "4"]
[EventCountry "CAN"]

1. e4 e6 2. d4 d5 3. exd5 exd5 4. Bd3 Nc6 5. c3 Bd6 6. Nf3 Nge7 7. O-O Bf5 8. Re1 Qd7 9. Be3 O-O-O 10. c4 Nb4 11. Bxf5 Qxf5 12. c5 Bxh2+ 13. Kxh2 Nc2 14. Nc3 Nxa1 15. Qxa1 f6 16. b4 g5 17. b5 g4 18. Nh4 Qh5 19. g3 Nf5 20. Kg2 Nxh4+ 21. gxh4 g3 22. fxg3 Rhg8 23. Bf4 Qxh4 24. Qc1 Qg4 25. Re7 Rd7 26. Qe3 h5 27. Rxd7 Qxd7 28. Qf3 c6 29. bxc6 bxc6 30. Qxh5 Rg7 31. Qh8+ Kb7 32. Qb8+ Ka6 33. Qd6 Rh7 34. Kf3 Ka5 35. Ne2 Qf5 36. Qd8+ Ka4 37. Nc3+ Kb4 38. Qb8+ Ka5 39. Qd8+ Kb4 40. Qb8+ Ka5 41. Qe8 Qd3+ 42. Qe3 Qf1+ 43. Qf2 Qd3+ 44. Kg2 Ka6 45. Qe2 Qxe2+ 46. Nxe2 Kb5 47. Kf3 Kc4 48. Be3 Rh2 49. Bf2 Kb4 50. Be1+ Kc4 51. Ke3 Rh8 52. Bf2 Re8+ 53. Kd2 Kb4 54. Nc1 Ka3 55. Kc3 Rb8 56. g4 Rb2 57. Bh4 Rg2 58. Bxf6 Rxg4 59. Be5 Rg1 60. Nd3 Kxa2 61. Nb4+ Kb1 62. Nxc6 Rc1+ 63. Kb4 Rc4+ 64. Kb5 Kc2 65. Nxa7 Kb3 66. Kc6 Ra4 67. Nb5 Kc4 68. Nd6+ Kb4 69. Kxd5 Ka5 70. Nc4+ Ka6 71. c6 Kb5 72. Nd6+ Kb6 73. Nc4+ Kb5 74. Nd6+ Kb6 75. Nc4+ Kb5 76. Ne3 Kb6 77. Kd6 Ra8 78. Nd5+ Kb5 1-0

[Event "January TNT"]
[Site "Winnipeg CAN"]
[Date "2000.01.25"]
[Round "4"]
[White "Gibson, Kris"]
[Black "Schulz, Waldemar"]
[Result "0-1"]
[WhiteElo "1796"]
[BlackElo "2053"]
[PlyCount "91"]
[GameId "2160767911741571"]
[EventDate "2000.01.04"]
[EventType "swiss"]
[EventRounds "4"]
[EventCountry "CAN"]

1. e4 c5 2. b4 cxb4 3. Bb2 e6 4. Bc4 d6 5. Nf3 Nf6 6. d3 Nc6 7. a3 Be7 8. axb4 Nxb4 9. e5 dxe5 10. Nxe5 O-O 11. Nd2 Nbd5 12. h4 Bb4 13. Bxd5 Qxd5 14. O-O b5 15. Ng4 Nxg4 16. Qxg4 f6 17. Qxb4 Bb7 18. Qg4 a5 19. Ne4 e5 20. Nc3 Qc6 21. Rfc1 f5 22. Qg3 Rf6 23. h5 Rh6 24. d4 Rxh5 25. d5 Qe8 26. Ne2 Rh6 27. Qxe5 Qxe5 28. Bxe5 Re8 29. f4 Bxd5 30. Rxa5 Rg6 31. g3 Bc4 32. Kf2 Bxe2 33. Kxe2 Rxg3 34. Kf2 Rh3 35. Rxb5 Rd8 36. Rb8 Rxb8 37. Bxb8 Kf7 38. c4 Ke6 39. Be5 g5 40. c5 Ra3 41. c6 Ra2+ 42. Ke3 Ra3+ 43. Kd4 Ra8 44. c7 Rc8 45. fxg5 Kd7 46. Rh1 0-1

[Event "January TNT"]
[Site "Winnipeg CAN"]
[Date "2000.01.25"]
[Round "4"]
[White "Greenberg, Harley"]
[Black "Milord, Frank"]
[Result "0-1"]
[WhiteElo "1736"]
[BlackElo "1772"]
[PlyCount "62"]
[GameId "2160767911741572"]
[EventDate "2000.01.04"]
[EventType "swiss"]
[EventRounds "4"]
[EventCountry "CAN"]

1. d4 d5 2. c4 c6 3. Nc3 Nf6 4. Nf3 dxc4 5. a4 Bf5 6. Ne5 e6 7. f3 Bb4 8. Bd2 Qxd4 9. Nxc4 Qxc4 10. e4 Qc5 11. exf5 Qxf5 12. Qb3 a5 13. O-O-O O-O 14. Be2 Na6 15. g4 Qc5 16. Kb1 Rad8 17. g5 Nd5 18. Ne4 Qe7 19. Nf6+ Nxf6 20. Bxa6 Nd5 21. Bd3 Bxd2 22. Rxd2 Nb4 23. h4 Rxd3 24. Rxd3 Nxd3 25. Qxd3 Rd8 26. Qe3 c5 27. h5 Qd6 28. g6 Qd3+ 29. Qxd3 Rxd3 30. Kc2 Rd4 31. f4 hxg6 0-1

[Event "January TNT"]
[Site "Winnipeg CAN"]
[Date "2000.01.25"]
[Round "4"]
[White "Hanrahan, Nigel"]
[Black "Haapamaki, Eric"]
[Result "1/2-1/2"]
[WhiteElo "1669"]
[BlackElo "1759"]
[PlyCount "63"]
[GameId "2160767911741573"]
[EventDate "2000.01.04"]
[EventType "swiss"]
[EventRounds "4"]
[EventCountry "CAN"]

1. Nf3 Nf6 2. c4 g6 3. g3 Bg7 4. Bg2 O-O 5. O-O Nc6 6. d3 d5 7. cxd5 Nxd5 8. Qd2 a6 9. Nc3 Nxc3 10. bxc3 Qd6 11. a4 Rd8 12. Ba3 Qf6 13. Rac1 e5 14. Ng5 Bh6 15. h4 Na5 16. Qa2 Bxg5 17. hxg5 Qxg5 18. Bd5 Qf5 19. Be7 Rd7 20. Bb4 Nc6 21. Bxc6 bxc6 22. Kg2 e4 23. d4 Qd5 24. Qxd5 cxd5 25. e3 c6 26. a5 Rb7 27. Ra1 Bg4 28. Rfb1 Be2 29. Bc5 Bb5 30. f3 exf3+ 31. Kxf3 Rab8 32. Bb4 1/2-1/2

[Event "January Winter op"]
[Site "Toronto CAN"]
[Date "2000.01.14"]
[Round "1"]
[White "Cohen, David"]
[Black "Richardson, Ross"]
[Result "1-0"]
[WhiteElo "2015"]
[BlackElo "1896"]
[PlyCount "49"]
[GameId "2160767911741486"]
[EventDate "2000.01.14"]
[EventType "swiss"]
[EventRounds "5"]
[EventCountry "CAN"]

1. e4 e5 2. Nf3 Nc6 3. Bb5 a6 4. Ba4 Nf6 5. O-O b5 6. Bb3 Bb7 7. Re1 Bc5 8. c3 d6 9. d4 Bb6 10. Bg5 h6 11. Bh4 O-O 12. Qd3 Re8 13. Nbd2 Na5 14. Bc2 c5 15. d5 c4 16. Qe2 Bc8 17. h3 g5 18. Nxg5 hxg5 19. Bxg5 Qe7 20. Qf3 Bd8 21. Qg3 Kh7 22. Re3 Qf8 23. Qh4+ Kg6 24. Bxf6 Bxf6 25. Rg3+ 1-0

[Event "January Winter op"]
[Site "Toronto CAN"]
[Date "2000.01.15"]
[Round "2"]
[White "Millar, David"]
[Black "Cohen, David"]
[Result "1/2-1/2"]
[WhiteElo "1908"]
[BlackElo "2015"]
[PlyCount "91"]
[GameId "2160767911741487"]
[EventDate "2000.01.14"]
[EventType "swiss"]
[EventRounds "5"]
[EventCountry "CAN"]

1. d4 d5 2. Nf3 Bf5 3. e3 e6 4. c4 Nf6 5. Qb3 Qc8 6. Nc3 c6 7. Bd2 Bd6 8. Rc1 O-O 9. Nh4 Bg6 10. Nxg6 hxg6 11. Bd3 Nbd7 12. c5 Be7 13. f4 b6 14. cxb6 axb6 15. O-O c5 16. Qd1 c4 17. Bb1 b5 18. Nxb5 Qb7 19. a4 Rfc8 20. Bc2 Rc6 21. Rb1 Rb6 22. Qe1 Nb8 23. Rf3 Nc6 24. Rh3 Rba6 25. g4 Nxg4 26. Qg3 f5 27. Qg2 Kf7 28. Rg3 Nb4 29. Bxb4 Bxb4 30. h3 Nf6 31. Rxg6 Rg8 32. Kh2 Ng4+ 33. Rxg4 fxg4 34. Qxg4 Be7 35. Bg6+ Kf8 36. Qh5 Bf6 37. Be8 Qe7 38. Bg6 Qd8 39. f5 Ke7 40. fxe6 Rh8 41. Qf3 Rxa4 42. Nc3 Qd6+ 43. Kg2 Ra5 44. Bf5 Bh4 45. Rf1 Rf8 46. Qg4 1/2-1/2

[Event "January Winter op"]
[Site "Toronto CAN"]
[Date "2000.01.15"]
[Round "3"]
[White "Martin, Carl"]
[Black "Cohen, David"]
[Result "0-1"]
[WhiteElo "2004"]
[BlackElo "2015"]
[PlyCount "132"]
[GameId "2160767911741488"]
[EventDate "2000.01.14"]
[EventType "swiss"]
[EventRounds "5"]
[EventCountry "CAN"]

1. e4 c5 2. Nf3 d6 3. d4 cxd4 4. Nxd4 Nf6 5. Nc3 e6 6. Be2 Be7 7. O-O O-O 8. Be3 Nc6 9. Qd2 a6 10. Rfd1 Bd7 11. Rac1 b5 12. f3 Qc7 13. a3 Rfd8 14. Na2 d5 15. Bd3 Nxd4 16. Bxd4 e5 17. Bf2 dxe4 18. fxe4 Be6 19. Nc3 h6 20. h3 Rac8 21. Qe3 Nd7 22. Nd5 Bxd5 23. exd5 Bg5 24. d6 Bxe3 25. dxc7 Bxf2+ 26. Kxf2 Rxc7 27. Bf5 g6 28. Bg4 h5 29. Bf3 Rdc8 30. Rd2 Nc5 31. Bd5 Rd7 32. Rcd1 Rcd8 33. Ke3 Kg7 34. c4 Nb3 35. Rd3 Nd4 36. Ke4 Re7 37. g4 hxg4 38. hxg4 Rh8 39. cxb5 axb5 40. Rg1 Rh2 41. b3 Re2+ 42. Re3 Rxe3+ 43. Kxe3 Nc2+ 44. Kd3 Nxa3 45. Kc3 Rd7 46. Be4 Rd4 47. Re1 b4+ 48. Kb2 Nb5 49. Bc6 Nc3 50. Rxe5 Rxg4 51. Rc5 Rd4 52. Rc4 Rxc4 53. bxc4 Ne2 54. Ba4 Nd4 55. c5 Kf8 56. c6 Ne6 57. Bb5 Ke7 58. Bf1 Kd6 59. Bg2 Nd4 60. Bd5 f6 61. Bf7 g5 62. Be8 Nxc6 63. Kb3 f5 64. Bg6 g4 65. Bh5 Kc5 66. Kb2 Nd4 0-1

[Event "January Winter op"]
[Site "Toronto CAN"]
[Date "2000.01.16"]
[Round "4"]
[White "Cohen, David"]
[Black "Lucki, Arnie"]
[Result "1/2-1/2"]
[WhiteElo "2015"]
[BlackElo "2035"]
[PlyCount "71"]
[GameId "2160767911741489"]
[EventDate "2000.01.14"]
[EventType "swiss"]
[EventRounds "5"]
[EventCountry "CAN"]

1. d4 Nf6 2. c4 c5 3. d5 b5 4. g3 Bb7 5. Bg2 g6 6. e4 d6 7. Ne2 bxc4 8. Qa4+ Nfd7 9. Qxc4 Bg7 10. O-O Ba6 11. Qc2 O-O 12. Nbc3 Ne5 13. Rd1 Nbd7 14. b3 Qb6 15. Rb1 Rab8 16. h3 c4 17. b4 Nd3 18. Be3 Nxb4 19. Bxb6 Nxc2 20. Bxa7 Ra8 21. Rb2 Rxa7 22. Rxc2 Rb7 23. Nd4 Bxd4 24. Rxd4 Rfb8 25. Bf1 Ne5 26. Kg2 Nd3 27. Bxd3 cxd3 28. Rd2 Rb2 29. Rxb2 Rxb2 30. a4 d2 31. Nb5 Kg7 32. Kf3 Kf6 33. Ke3 g5 34. Rxd2 Rb4 35. Rd4 Rb3+ 36. Rd3 1/2-1/2

[Event "January Winter op"]
[Site "Toronto CAN"]
[Date "2000.01.16"]
[Round "5"]
[White "Kwasnychka, Mike"]
[Black "Cohen, David"]
[Result "0-1"]
[WhiteElo "1909"]
[BlackElo "2015"]
[PlyCount "112"]
[GameId "2160767911741490"]
[EventDate "2000.01.14"]
[EventType "swiss"]
[EventRounds "5"]
[EventCountry "CAN"]

1. d4 Nf6 2. c4 c5 3. d5 b5 4. cxb5 a6 5. bxa6 Bxa6 6. Nc3 g6 7. e4 Bxf1 8. Kxf1 d6 9. Be3 Qb6 10. Qd2 Ng4 11. Bg5 Bg7 12. Nf3 Nd7 13. g3 h6 14. Bf4 g5 15. Be3 Nxe3+ 16. fxe3 O-O 17. Kg2 Rfb8 18. Rhb1 Ne5 19. Nxe5 Bxe5 20. Qf2 Bxc3 21. bxc3 Qxb1 22. Rxb1 Rxb1 23. h4 Ra1 24. Qf5 R8xa2+ 25. Kh3 Rh1+ 26. Kg4 gxh4 27. gxh4 Rg2+ 28. Kf3 Rhh2 29. Qc8+ Kg7 30. e5 Rf2+ 31. Kg3 Rhg2+ 32. Kh3 Rg6 33. h5 Rg5 34. exd6 exd6 35. c4 Rf3+ 36. Kh2 Rxh5+ 37. Kg2 Rf6 38. e4 Re5 39. Qb8 Rxe4 40. Qb3 Rg4+ 41. Kh3 Rff4 42. Qb2+ Rd4 43. Kh2 Kh7 44. Qb1+ Rg6 45. Qe1 Rxc4 46. Kh3 Rd4 47. Qe7 Kg7 48. Qb7 Rg5 49. Qb2 Rgxd5 50. Qg2+ Rg5 51. Qb2 Kh7 52. Qb1+ Rg6 53. Qb2 Rd3+ 54. Kh4 Rd1 55. Qb7 Kg7 56. Qe4 Rd4 0-1

[Event "January op"]
[Site "Calgary CAN"]
[Date "2000.01.18"]
[Round "1"]
[White "Ottosen, David"]
[Black "Van Ieperen, Taco"]
[Result "0-1"]
[WhiteElo "2236"]
[BlackElo "1796"]
[PlyCount "130"]
[GameId "2160767911741476"]
[EventDate "2000.01.18"]
[EventType "swiss"]
[EventRounds "5"]
[EventCountry "CAN"]

1. e4 Nf6 2. e5 Nd5 3. Nc3 Nxc3 4. bxc3 d5 5. d4 Bf5 6. Ne2 e6 7. Ng3 Bg6 8. h4 h6 9. h5 Bh7 10. Rb1 b6 11. Be3 c6 12. Bd3 f5 13. exf6 Qxf6 14. Bxh7 Rxh7 15. Qd3 Rh8 16. O-O Bd6 17. Rbe1 b5 18. Nf5 Qxf5 19. Qe2 Kd7 20. g4 Qf6 21. f4 Na6 22. f5 e5 23. dxe5 Qxe5 24. f6 gxf6 25. Rf5 Qe6 26. Qf3 Raf8 27. Bf2 Qf7 28. Bh4 Be7 29. a4 Nc7 30. Qe3 a6 31. axb5 axb5 32. Bg3 Bd6 33. Bxd6 Kxd6 34. Qf4+ Kd7 35. Rf1 Qe7 36. Rd1 Rhg8 37. Qd4 Rg5 38. Rf4 Re5 39. Qd2 Re2 40. Qd3 Qe3+ 41. Qxe3 Rxe3 42. c4 Re2 43. cxb5 Rxc2 44. bxc6+ Kxc6 45. Rdf1 Ne8 46. Ra1 Rc4 47. Rf3 Rxg4+ 48. Kf2 Rg5 49. Rc3+ Kd6 50. Ra6+ Ke5 51. Re3+ Kd4 52. Ra4+ Kc5 53. Rc3+ Kd6 54. Ra6+ Kd7 55. Ra7+ Ke6 56. Rh3 Rf7 57. Ra8 Re7 58. Ra6+ Nd6 59. Ke3 Ke5 60. Kd3 Re6 61. Re3+ Ne4 62. Ra5 Rg3 63. Ra7 Rxe3+ 64. Kxe3 f5 65. Rg7 Nf6 0-1

[Event "January op"]
[Site "Calgary CAN"]
[Date "2000.01.25"]
[Round "2"]
[White "Taerum, Verne"]
[Black "Ottosen, David"]
[Result "0-1"]
[WhiteElo "1590"]
[BlackElo "2236"]
[PlyCount "58"]
[GameId "2160767911741477"]
[EventDate "2000.01.18"]
[EventType "swiss"]
[EventRounds "5"]
[EventCountry "CAN"]

1. e4 c5 2. c4 g6 3. d3 Bg7 4. Nf3 Nc6 5. Be2 d6 6. O-O h5 7. Nc3 h4 8. Rb1 h3 9. g3 Bg4 10. Nd5 Nf6 11. Ne3 Bd7 12. a3 Nd4 13. Nxd4 cxd4 14. Nc2 Nh5 15. f3 f5 16. g4 Nf6 17. gxf5 gxf5 18. Kh1 Qb6 19. Rg1 Rg8 20. b4 O-O-O 21. c5 dxc5 22. Bf4 e5 23. Bg3 Nh5 24. Bh4 Rdf8 25. Be7 Rf7 26. Bxc5 Qh6 27. Ne1 Nf4 28. Rc1 Nxe2 29. Qxe2 Qxc1 0-1

[Event "January op"]
[Site "Calgary CAN"]
[Date "2000.02.01"]
[Round "3"]
[White "Ottosen, David"]
[Black "Haynes, Nicolas"]
[Result "1-0"]
[WhiteElo "2236"]
[BlackElo "1769"]
[PlyCount "41"]
[GameId "2160767911741478"]
[EventDate "2000.01.18"]
[EventType "swiss"]
[EventRounds "5"]
[EventCountry "CAN"]

1. e4 e6 2. b3 d5 3. Bd3 dxe4 4. Bxe4 Nf6 5. Bf3 Be7 6. Bb2 c5 7. Ne2 O-O 8. O-O Qc7 9. Nbc3 a6 10. Ng3 Nc6 11. Nce2 Rd8 12. Ne4 Nd4 13. Nxd4 cxd4 14. Rc1 Bd7 15. Bxd4 Nxe4 16. Bxe4 Bb5 17. c4 Rxd4 18. cxb5 Qd7 19. Qf3 Qxb5 20. Rc7 Rd7 21. a4 1-0

[Event "Jean-Pierre Roy mem"]
[Site "Hull CAN"]
[Date "2000.11.21"]
[Round "1"]
[White "Gagnon, Fabien"]
[Black "Cote, Jacques"]
[Result "1/2-1/2"]
[WhiteElo "2097"]
[BlackElo "2093"]
[PlyCount "69"]
[GameId "2160767911635668"]
[EventDate "2000.11.21"]
[EventType "tourn"]
[EventRounds "5"]
[EventCountry "CAN"]
[SourceTitle "EXT 2005"]
[Source "ChessBase"]
[SourceDate "2004.11.15"]
[SourceVersion "1"]
[SourceVersionDate "2004.11.15"]
[SourceQuality "1"]

1. d4 f5 2. Nf3 Nf6 3. g3 e6 4. Bg2 d5 5. O-O Bd6 6. c4 c6 7. b3 Qe7 8. Bb2 O-O 9. Qc1 Ne4 10. Ba3 Nd7 11. Bxd6 Qxd6 12. Qa3 b6 13. Qxd6 Nxd6 14. Ne5 Nxe5 15. dxe5 Nf7 16. f4 Ba6 17. Na3 Rac8 18. Rac1 Rfd8 19. Rfd1 d4 20. c5 Bxe2 21. Rd2 d3 22. cxb6 axb6 23. Rxc6 Rxc6 24. Bxc6 g5 25. Kf2 gxf4 26. gxf4 Nh6 27. h3 Rd4 28. Ke3 Rb4 29. Bg2 Kf7 30. Nb1 Ng8 31. Nc3 Ne7 32. Nxe2 dxe2 33. Rxe2 Ng6 34. Rf2 Ke7 35. Rf1 1/2-1/2

[Event "Jean-Pierre Roy mem"]
[Site "Hull CAN"]
[Date "2000.11.21"]
[Round "1"]
[White "Thomann, Olivier"]
[Black "Arsenault, Michel"]
[Result "1/2-1/2"]
[WhiteElo "1773"]
[BlackElo "1960"]
[PlyCount "61"]
[GameId "2160767911635669"]
[EventDate "2000.11.21"]
[EventType "tourn"]
[EventRounds "5"]
[EventCountry "CAN"]

1. e4 c5 2. Nc3 Nc6 3. f4 g6 4. Nf3 Bg7 5. g3 d6 6. Bg2 e6 7. O-O Nge7 8. d3 O-O 9. g4 f5 10. h3 Rb8 11. Qe1 Nd4 12. Nxd4 cxd4 13. Ne2 Qb6 14. Kh1 Bd7 15. c3 Nc6 16. Nxd4 Nxd4 17. cxd4 Bxd4 18. Bd2 Qxb2 19. Rb1 Qa3 20. exf5 gxf5 21. gxf5 Rxf5 22. Be4 Rf7 23. Bb4 Qa6 24. Bc3 Bf6 25. Bxf6 Rxf6 26. Qg3+ Kf7 27. Rg1 Ke7 28. Qg7+ Rf7 29. Qg5+ Rf6 30. Qg7+ Rf7 31. Qg5+ 1/2-1/2

[Event "Jean-Pierre Roy mem"]
[Site "Hull CAN"]
[Date "2000.11.21"]
[Round "2"]
[White "Scantland, Patrick"]
[Black "Rose, Richard1"]
[Result "0-1"]
[WhiteElo "1561"]
[BlackElo "1826"]
[PlyCount "132"]
[GameId "2160767911635671"]
[EventDate "2000.11.21"]
[EventType "tourn"]
[EventRounds "5"]
[EventCountry "CAN"]
[SourceTitle "EXT 2005"]
[Source "ChessBase"]
[SourceDate "2004.11.15"]
[SourceVersion "1"]
[SourceVersionDate "2004.11.15"]
[SourceQuality "1"]

1. e4 c5 2. Ne2 d6 3. Nbc3 g6 4. g3 Bg7 5. Bg2 Nc6 6. d3 e6 7. O-O Nge7 8. Be3 Nd4 9. Qd2 O-O 10. Nd1 Nxe2+ 11. Qxe2 Nc6 12. c3 Re8 13. Qd2 Ne5 14. h3 c4 15. d4 Nd3 16. f4 d5 17. Nf2 Nxf2 18. Rxf2 b5 19. exd5 exd5 20. Re2 Bf5 21. g4 Bd3 22. Ree1 Qd7 23. Bf1 Be4 24. Bg2 f5 25. Bxe4 fxe4 26. Rf1 Re6 27. Qg2 a5 28. Rf2 Rf6 29. Raf1 Raf8 30. Qg3 Qd6 31. Rg2 R6f7 32. h4 Kh8 33. Rff2 b4 34. Rc2 Rb7 35. h5 gxh5 36. Rh2 hxg4 37. Qxg4 Bf6 38. Kf1 Rg7 39. Qh5 Qd7 40. Rh3 Qg4 41. Rch2 Qxh5 42. Rxh5 Bg5 43. Rf2 bxc3 44. bxc3 Bd8 45. Rxd5 Rfg8 46. Ke2 Bh4 47. Rf1 Rg2+ 48. Bf2 R8g3 49. Rd7 e3 50. f5 Rxf2+ 51. Rxf2 exf2 52. f6 Bxf6 53. Kxf2 Rxc3 54. d5 Rc2+ 55. Kf3 Rxa2 56. d6 Rd2 57. Ra7 Rxd6 58. Rxa5 c3 59. Rc5 Kg7 60. Ke4 Kg6 61. Kf4 Rd2 62. Rc6 h5 63. Ke3 h4 64. Kf3 h3 65. Rc8 h2 66. Rg8+ Kh7 0-1

[Event "Jean-Pierre Roy mem"]
[Site "Hull CAN"]
[Date "2000.11.28"]
[Round "2"]
[White "Arsenault, Michel"]
[Black "Laurin, Jacques"]
[Result "1-0"]
[WhiteElo "1960"]
[BlackElo "2028"]
[PlyCount "53"]
[GameId "2160767911635672"]
[EventDate "2000.11.21"]
[EventType "tourn"]
[EventRounds "5"]
[EventCountry "CAN"]

1. c4 e5 2. g3 g6 3. Bg2 Bg7 4. Nc3 d6 5. e4 Nc6 6. d3 Nd4 7. Be3 Ne6 8. Nge2 Nf6 9. h3 O-O 10. O-O Nh5 11. d4 Bd7 12. Qd2 f5 13. exf5 gxf5 14. dxe5 dxe5 15. Bxb7 f4 16. Bxa8 Ng5 17. Bd5+ Kh8 18. Bc5 Bxh3 19. Rfd1 Rf7 20. Qc2 Qf6 21. Be4 fxg3 22. Nxg3 Nf3+ 23. Bxf3 Qxf3 24. Qe4 Nxg3 25. Qxf3 Rxf3 26. Rd8+ Bf8 27. Rxf8+ 1-0

[Event "Jean-Pierre Roy mem"]
[Site "Hull CAN"]
[Date "2000.11.28"]
[Round "2"]
[White "Gagnon, Fabien"]
[Black "Thomann, Olivier"]
[Result "1-0"]
[WhiteElo "2054"]
[BlackElo "1773"]
[PlyCount "73"]
[GameId "2160767911635673"]
[EventDate "2000.11.21"]
[EventType "tourn"]
[EventRounds "5"]
[EventCountry "CAN"]

1. d4 Nf6 2. c4 g6 3. g3 Bg7 4. Bg2 O-O 5. Nf3 c5 6. d5 d6 7. O-O a6 8. Nc3 Nbd7 9. e4 Nb6 10. Qd3 Nfd7 11. Bf4 f6 12. Nd2 Ne5 13. Qe2 Bd7 14. h3 Qe8 15. Be3 Qc8 16. f4 Nf7 17. Kh2 e5 18. dxe6 Bxe6 19. Qd3 f5 20. b3 Rd8 21. Rad1 Nd7 22. Bf2 Nf6 23. Qe3 Rb8 24. a4 Bd7 25. Rfe1 fxe4 26. Ndxe4 Bc6 27. Nxf6+ Bxf6 28. Nd5 Bxd5 29. Bxd5 Kf8 30. g4 Re8 31. Qxe8+ Qxe8 32. Rxe8+ Rxe8 33. Bxf7 Kxf7 34. Rxd6 Re2 35. Kg1 Be7 36. Rb6 Re4 37. Rxb7 1-0

[Event "Jean-Pierre Roy mem"]
[Site "Hull CAN"]
[Date "2000.12.05"]
[Round "3"]
[White "Laurin, Jacques"]
[Black "Gagnon, Fabien"]
[Result "0-1"]
[WhiteElo "2028"]
[BlackElo "2054"]
[PlyCount "72"]
[GameId "2160767911635674"]
[EventDate "2000.11.21"]
[EventType "tourn"]
[EventRounds "5"]
[EventCountry "CAN"]

1. c4 e6 2. Nc3 d5 3. cxd5 exd5 4. Nf3 Nf6 5. g3 Be7 6. Bg2 O-O 7. d3 c6 8. O-O Bg4 9. Qb3 Qb6 10. Qc2 Nbd7 11. Bg5 Rfe8 12. Na4 Qc7 13. Nd4 Qe5 14. Be3 Qh5 15. f3 Bh3 16. g4 Nxg4 17. Bf4 Bxg2 18. Kxg2 Bd6 19. fxg4 Qxg4+ 20. Bg3 Bxg3 21. hxg3 Qxd4 22. Rae1 Re6 23. Rf4 Qe3 24. Rf3 Qg5 25. e4 dxe4 26. dxe4 Ne5 27. Rf5 Qg4 28. Nc5 Re7 29. Qd2 b6 30. Qd6 Rae8 31. Nb7 Ng6 32. Kh2 Rxb7 33. Qxc6 Rbe7 34. Qd5 Ne5 35. Ref1 Qg6 36. Rd1 Qe6 0-1

[Event "Jean-Pierre Roy mem"]
[Site "Hull CAN"]
[Date "2000.12.05"]
[Round "3"]
[White "Rose, Richard"]
[Black "Arsenault, Michel"]
[Result "0-1"]
[WhiteElo "1815"]
[BlackElo "1960"]
[PlyCount "64"]
[GameId "2160767911635675"]
[EventDate "2000.11.21"]
[EventType "tourn"]
[EventRounds "5"]
[EventCountry "CAN"]

1. e4 c5 2. Nf3 e6 3. d4 cxd4 4. Nxd4 Nf6 5. Bd3 Nc6 6. c3 e5 7. Nf5 d5 8. exd5 Qxd5 9. Ne3 Qa5 10. b4 Qc7 11. O-O Be7 12. Qc2 O-O 13. Na3 g6 14. Re1 Be6 15. Nec4 Nd7 16. Nb5 Qb8 17. Bh6 Re8 18. f4 a6 19. Nba3 b5 20. Nxe5 Ncxe5 21. fxe5 Nxe5 22. Be2 Qb6+ 23. Kh1 Rac8 24. Qb2 Bf6 25. Rac1 Ng4 26. Bxg4 Bxg4 27. Rxe8+ Rxe8 28. h3 Re2 29. Qb3 Qf2 30. Qd5 Re1+ 31. Rxe1 Qxe1+ 32. Kh2 Be5+ 0-1

[Event "Jean-Pierre Roy mem"]
[Site "Hull CAN"]
[Date "2000.12.05"]
[Round "3"]
[White "Thomann, Olivier"]
[Black "Cote, Jacques"]
[Result "1-0"]
[WhiteElo "1773"]
[BlackElo "2095"]
[PlyCount "67"]
[GameId "2160767911635676"]
[EventDate "2000.11.21"]
[EventType "tourn"]
[EventRounds "5"]
[EventCountry "CAN"]

1. e4 g6 2. d4 Bg7 3. Bc4 b5 4. Bxb5 Bb7 5. Nc3 c5 6. Nge2 Qa5 7. O-O a6 8. Ba4 cxd4 9. Nxd4 Qb4 10. Nde2 Bxe4 11. a3 Qb7 12. Nxe4 Qxe4 13. Bb3 e6 14. Re1 Ne7 15. Nc3 Qh4 16. Qf3 Nbc6 17. Ne4 Be5 18. g3 Qh5 19. Nf6+ Bxf6 20. Qxf6 Rg8 21. Bf4 g5 22. Bd6 Rg6 23. Qh8+ Ng8 24. Re4 g4 25. Rae1 O-O-O 26. Qc3 Rh6 27. h4 gxh3 28. Rb4 h2+ 29. Kh1 Qb5 30. Rxb5 axb5 31. Re5 Re8 32. Rxb5 Kd8 33. Rb8+ Nxb8 34. Qc7# 1-0